Statistics for House Md Season 8 Episodes

Click here to take the quiz!

General Stats

  • This quiz has been taken 6 times
  • The average score is 8 of 23

Answer Stats

episode no'1title% Correct
22Everybody Dies
100%
1Twenty Vicodin
80%
18Body and Soul
40%
12Chase
40%
16Gut Check
40%
21Holding on
40%
14Love is Blind
40%
13Man of the House
40%
11Nobody's Fault
40%
5The Confession
40%
19The C word
40%
17We Need the Eggs
40%
9better Half
20%
15Blowing the Whistle
20%
3Charity Case
20%
7Dead and Buried
20%
23House Md Swan Song
20%
6Parents
20%
20Post mortem
20%
4Risky Business
20%
10Runaways
20%
2Transplant
20%
8perils and Paranoia
0%

Score Distribution

Percentile by Number Answered

Percent of People with Each Score

Your Score History

You have not taken this quiz